| 000 | 00889nam a22001817a 4500 | ||
|---|---|---|---|
| 999 |
_c14967 _d14967 |
||
| 003 | OSt | ||
| 082 | _2631.3 FAT/DE | ||
| 088 | _aP 274 | ||
| 100 |
_aFATHIMA M.K _aJAISON MATHEW JOHN _93888 |
||
| 245 | _aDevelopment of linear programming model for profitable production of Shornur Agricultural Implements Consortium (P) Ltd. (SAICO) a case study | ||
| 260 |
_aTavanur 2013 _bDepartment of Farm Power, Machinery and Energy |
||
| 300 | _a55 | ||
| 500 | _aDevelopment of linear programming model for profitable production of Shornur Agricultural Implements Consortium (P) Ltd. (SAICO) a case study | ||
| 520 | _aDevelopment of linear programming model for profitable production of Shornur Agricultural Implements Consortium (P) Ltd. (SAICO) a case study | ||
| 700 |
_aEr. Sindhu Bhaskar _93429 |
||
| 856 | _uhttps://drive.google.com/open?id=13a_Sjk58kmZbtvzUERAYIq3l5wugzydt | ||
| 942 | _cPR | ||